Trabajar con las palabras. Lenguaje y comunicación 2

Guardat en:
Dades bibliogràfiques
Autors principals: Alarcón, Claudio (Autor), Arellano, Teresita (Autor), García-Huidobro, Beatriz (Autor), Poblete, Gloria (Autor)
Format: Llibre
Idioma:espanyol
Publicat: Santiago Arrayán 1998
Edició:3a. ed
Matèries:
Etiquetes: Afegir etiqueta
Sense etiquetes, Sigues el primer a etiquetar aquest registre!

MARC

LEADER 00000cam a2200000 a 4500
001 UCF6680
003 CL-VaPUC
008 130516e19980000CL |||||||||||||||||spa|d
020 |a 9562402363 
082 0 4 |a 372.41  |b ALA  |2 21 
100 0 |a Alarcón, Claudio  |e author  |9 568701 
700 0 |a Arellano, Teresita  |e author  |9 568702 
700 |a García-Huidobro, Beatriz  |e author  |9 568918 
700 0 |a Poblete, Gloria  |e author  |9 568704 
245 1 0 |a Trabajar con las palabras. Lenguaje y comunicación 2 
250 |a 3a. ed 
300 |a 87 p 
942 |c BK 
945 |d 20130516 00:00:00  |a cmena 
260 |a Santiago  |b Arrayán  |c 1998 
650 0 |a Educación lingüística  |9 306506 
650 0 |a Libros de texto  |9 270019 
650 0 |a Enseñanza del español  |9 339826 
650 0 |a Comunicación   |9 257251 
650 0 |a Educación básica   |9 224933 
583 |a last modification  |c 20130516 09:57:00  |k Rodrigo Vera 
999 |c 351819  |d 351817 
952 |0 0  |1 0  |4 0  |6 372_410000000000000_ALA_1998  |7 0  |8 A  |9 456160  |a BIBEDU  |b BIBEDU  |d 2019-11-22  |i 4974662  |o 372.41 ALA 1998  |p 4974662  |r 2019-11-22  |w 2019-11-22  |y BK  |k EBA